• 首页
  • 本馆介绍
  • 公告通知
  • 最新文献
  • 馆藏检索
  • 电子资源
  • 读者导购
  • 参考咨询
  • 我的图书馆
  • 登录
  • 详细信息显示
  • 放入我的书架
  • 预约/预借图书
  • 作者相关作品
  • 分类相关作品
  • 丛书相关作品
  • 出版社相关作品

书目信息

  • 表格格式
  • 工作单格式
  • 卡片格式
题名:
过程装备制造技术
    
 
作者: 朱振华 , 邵泽波 主编
分册:  
出版信息: 北京   化学工业出版社  2011
页数: 272页
开本: 26cm
丛书名:
单 册:
中图分类: TQ051.06-43
科图分类:
主题词: 化工工程--hua gong gong cheng--化工设备--机械制造工艺--高等学校--教材
电子资源:
ISBN: 978-7-122-11770-0
000 00976nam0 2200277 450
001 012001000445
005 20140106092554.0
010    @a978-7-122-11770-0@dCNY38.00
099    @aCAL 012011314061
100    @a20110913d2011 ekmy0chiy0121 ea
101 0  @achi
102    @aCN@b110000
105    @aak a 000yy
106    @ar
200 1  @a过程装备制造技术@Aguo cheng zhuang bei zhi zao ji shu@f朱振华, 邵泽波主编
210    @a北京@c化学工业出版社@d2011
215    @a272页@c图@d26cm
300    @a高等学校教材
320    @a有书目 (第272页)
330    @a本书共分绪论、过程机器制造和过程设备制造三部分,第1-4章介绍了机械加工质量、机械加工工艺规程。第5-8章介绍了过程设备零件的主要制造工序等。
606 0  @a化工工程@Ahua gong gong cheng@x化工设备@x机械制造工艺@x高等学校@j教材
690    @aTQ051.06-43@v4
701  0 @a朱振华@Azhu zhen hua@4主编
701  0 @a邵泽波@Ashao ze bo@4主编
801  0 @aCN@b北京卓展文化@c20191020
905    @b1200458-9@dTQ051.06-43@e512@f2
    
    过程装备制造技术/朱振华, 邵泽波主编.-北京:化学工业出版社,2011
    272页:图;26cm
    高等学校教材
    
    ISBN 978-7-122-11770-0:CNY38.00
    本书共分绪论、过程机器制造和过程设备制造三部分,第1-4章介绍了机械加工质量、机械加工工艺规程。第5-8章介绍了过程设备零件的主要制造工序等。
●
相关链接 在E读中查询图书 在五车中查询图书 在当当中查询图书 在豆瓣中查询图书


正题名:过程装备制造技术     索取号:TQ051.06-43/512         预约/预借

序号 登录号 条形码 馆藏地/架位号 状态 备注
1 1200458   212004588   第二样本阅览室/ [索取号:TQ051.06-43/512] 在馆    
2 1200459   212004597   第三借阅区/ [索取号:TQ051.06-43/512] 在馆    
唐山师范学院图书馆 欢迎您!
大连网信软件有限公司© 版权所有